000 00334nam a22001457a 4500
020 _a0824753313
082 _a664
_bHEL/HA
245 _aHandbook of Food Engineering
250 _a 2
260 _aBoca Raton
_bCRC Press
_c2007
300 _a1023
700 _aHeldman,Dennis R.
_9444
700 _aLund,Daryl B.
_9445
942 _cREF
999 _c13870
_d13870